00254nam a2200109Ia 4500100002800000654001000028245003400038260003400072082001800106300000800124546001200132 aPappas/C.H/ Murray W.H  a80386 a80386 Microprocessor handbook bMcGraw HillaCaliforniac1985 a621.3819bPAP a434 aENGLISH